000 00631nam a22001937a 4500
003 OSt
005 20231207113114.0
008 231207b |||||||| |||| 00| 0 eng d
020 _a9789388768603
040 _cSTCPL
041 _aMAL
082 _a494.812 7
_bSAR-M
100 _a Abhiramam, Saritha
_qസരിത അഭിരാമം
245 _aMalayalathile vakreekaranamaatoliprayogangal /
_cby Saritha Abhiramam
_hമലയാളത്തിലെ വക്രീകരണ മാറ്റൊലിപ്രയോഗങ്ങൾ /
300 _a115 P.
_bPB
650 _aMalayalam
942 _cBK
942 _2ddc
_n0
999 _c81278
_d81278